00971nam a2200253 u 450000100070000000500170000700800410002403500110006504000130007604100080008908000070009710000460010424501100015026000230026030000170028365000250030065000340032565000210035965000270038070000410040770000450044870000440049350001800053770655820260506091832.0011122s2001 ||||||m| spa  a706558 ccomduadb aspa aWA10aHenao Sanchez, Nelson Alexander4auteaut10aPropuesta para la promocion de estilos de vida saludables en alumnos del Liceo Cristo Rey. Medellin, 2001 aMedellín,c2001. a64 páginas 7aEstilos de vida2dcs 7aPromoción de la salud2lemb aLiceo Cristo Rey aMedellín (Antioquia)10aLopera Zuleta, Sor Mariela4auteaut10aQuintero Bolivar, Hernan Dario4auteaut10aYepes Delgado, Carlos Enrique4thseths aTesis (Administrador de Servicios de Salud con Énfasis en Gestión Sanitaria y Ambiental). Universidad de Antioquia. Facultad Nacional de Salud Pública - Véase Además